000 00361nam a2200145Ia 4500
005 20251222152039.0
008 251222s9999||||xx |||||||||||||| ||spa||
020 _a8408001795
082 _a869.15/R94P/1993
100 _aRulfo, Juan
245 0 _aPedro Páramo y El Llano en Llamas
250 _a1ra. ed.
264 _bEditorial Planeta, S.A.
942 _cLIB
999 _c25981
_d25981